L'irréparable (Record no. 152552)

MARC details
000 -LEADER
campo de control de longitud fija 00687nam a22002055i 4500
001 - NÚMERO DE CONTROL
campo de control 152552
003 - IDENTIFICADOR DE NÚMERO DE CONTROL
campo de control ES-MaACL
005 - FECHA Y HORA DE LA ÚLTIMA TRANSACCIÓN
campo de control 20230906204806.0
008 - DATOS DE LONGITUD FIJA--INFORMACIÓN GENERAL
campo de control de longitud fija 051018m18831900fr | |||||||| ||fre d
040 ## - FUENTE DE CATALOGACIÓN
Centro catalogador/agencia de origen CAM
Lengua de catalogación spa
Centro/agencia transcriptor CAM
100 1# - ENTRADA PRINCIPAL--NOMBRE DE PERSONA
Nombre de persona Bourget, Paul (
Fechas asociadas al nombre 1852-1935)
9 (RLIN) 30991
245 12 - MENCIÓN DEL TÍTULO
Título L'irréparable
Resto del título : ; Deuxième amour; Profils perdus /
Mención de responsabilidad, etc. Paul Bourget.
260 ## - PUBLICACIÓN, DISTRIBUCIÓN, ETC.
Lugar de publicación, distribución, etc. Paris :
Nombre del editor, distribuidor, etc. Alphonse Lemerre éditeur,
Fecha de publicación, distribución, etc. [s.a.] (
Lugar de fabricación/manufactura Lagny :
Fabricante Emile Colin)
300 ## - DESCRIPCIÓN FÍSICA
Extensión 299 p. ;
Dimensiones 18 cm.
596 ## - NOTA AL PIE DE IMPRENTA
NOTA AL PIE DE IMPRENTA Probablemente impreso entre 1883 y 1900.
740 0# - ENTRADA AGREGADA--TÍTULO RELACIONADO/ANALÍTICO NO CONTROLADO
Título relacionado o analítico no controlado Deuxième amour.
740 0# - ENTRADA AGREGADA--TÍTULO RELACIONADO/ANALÍTICO NO CONTROLADO
Título relacionado o analítico no controlado Profils perdus.
752 ## - ENTRADA AGREGADA--NOMBRE JERÁRQUICO DEL LUGAR
País o entidad superior Francia -
Ciudad París
852 ## - LOCALIZACIÓN
Ubicación ES-MaACL
Número de control de estantería B-2776
Nota libre -- Enc. pasta española
Holdings
Estatus retirado Estado de pérdida Estado de daño No para préstamo Biblioteca de origen Biblioteca actual Ubicación en estantería Fecha de adquisición Fuente de adquisición Total de préstamos Signatura topográfica completa Código de barras Visto por última vez Precio de reemplazo Tipo de ítem Koha
        Biblioteca del Ateneo de Madrid Biblioteca del Ateneo de Madrid Sala Pardo Bazán 17/01/2008     B-2776 1159299 23/02/2023 23/02/2023 Libro impreso